[Event "POL-chT3"]
[Site "Jastrzebia Gora POL"]
[Date "2016.09.10"]
[Round "8.20"]
[White "Jedynak, Radoslaw"]
[Black "Mroziak, Maciej"]
[Result "0-1"]
[WhiteElo "2366"]
[BlackElo "2338"]
[EventDate "2016.09.02"]

1.d4 Nf6 2.c4 g6 3.Nc3 d5 4.Bf4 Bg7 5.e3 O-O 6.Rc1 dxc4 7.Bxc4 Nh5 8.Bg5 
c6 9.h4 Nd7 10.g4 Nhf6 11.h5 Nb6 12.Bxf6 exf6 13.Bd3 Re8 14.hxg6 hxg6 15.
Be2 f5 16.gxf5 Bxf5 17.Nf3 Bg4 18.Ne5 Bxe5 19.Bxg4 Bxd4 20.Kf1 Bxc3 21.
bxc3 Qxd1+ 22.Rxd1 Rad8 23.Kg2 Na4 24.Rb1 Re7 25.Rhc1 Rd2 26.a3 Ra2 27.c4 
Rxa3 28.Rd1 Nc5 29.Rd8+ Kg7 30.Rbd1 Ra2 31.R1d2 Rxd2 32.Rxd2 f5 33.Be2 Rd7
34.Ra2 a6 35.f3 Kf6 36.Kg3 g5 37.Kf2 Ke5 38.Kg3 f4+ 39.Kf2 Nd3+ 40.Bxd3 
Rxd3 41.Ra5+ Kf6 42.e4 Rd2+ 43.Ke1 Rc2 44.Rf5+ Kg6 45.c5 a5 0-1

[Event "POL-chT3"]
[Site "Jastrzebia Gora POL"]
[Date "2016.09.10"]
[Round "8.21"]
[White "Lizak, Jakub"]
[Black "Tymrakiewicz, Rafal"]
[Result "1/2-1/2"]
[WhiteElo "2146"]
[BlackElo "2285"]
[EventDate "2016.09.02"]

1.b3 e5 2.Bb2 d6 3.c4 Nf6 4.d4 exd4 5.Qxd4 Nc6 6.Qd2 Be7 7.Nc3 O-O 8.g3 
Nb4 9.Bg2 c6 10.Nf3 a5 11.O-O Re8 12.Nd4 Qc7 13.a3 Na6 14.Rab1 Bf8 15.Ba1 
Nc5 16.b4 axb4 17.axb4 Ncd7 18.b5 Ne5 19.Rfc1 Nxc4 20.Qf4 c5 21.b6 Nxb6 
22.Ndb5 Qe7 23.Nxd6 Qxd6 24.Qxd6 Bxd6 25.Rxb6 Be5 26.Bb2 Re7 27.e3 Bc7 28.
Rxf6 gxf6 29.Nd5 Bd6 30.Nxf6+ Kf8 31.Nxh7+ Kg8 32.Nf6+ Kf8 33.Nh7+ Kg8 34.
Nf6+ Kf8 35.Nh7+ 1/2-1/2

[Event "POL-chT3"]
[Site "Jastrzebia Gora POL"]
[Date "2016.09.10"]
[Round "8.22"]
[White "Gmaj, Krzysztof"]
[Black "Duda, Lukasz"]
[Result "1/2-1/2"]
[WhiteElo "2192"]
[BlackElo "2200"]
[EventDate "2016.09.02"]

1.b3 d5 2.Bb2 Nf6 3.f4 c5 4.e3 Nc6 5.Nf3 g6 6.Bb5 Bd7 7.O-O Bg7 8.Bxc6 
Bxc6 9.Ne5 Qc7 10.Nxc6 Qxc6 11.d3 O-O 12.Qe2 Nh5 13.Bxg7 Nxg7 14.Nd2 Rad8 
15.Nf3 f6 16.Rae1 Qc7 17.e4 d4 18.a4 a6 19.Ra1 b6 20.g3 e5 21.fxe5 fxe5 
22.Qd2 Ne6 23.Qh6 Rde8 24.Ng5 Nxg5 25.Qxg5 Kg7 26.Kg2 Qe7 27.Qxe7+ Rxe7 
28.Rxf8 Kxf8 29.Rf1+ Rf7 30.Ra1 Ke7 31.h3 Kd6 32.Rd1 Kc6 33.Ra1 b5 34.
axb5+ Kxb5 35.Ra4 a5 36.Rc4 h6 37.Ra4 g5 38.g4 Rf4 39.Rc4 Rf8 40.Ra4 Ra8 
41.Kg3 Rf8 42.Kg2 Rf4 43.Rc4 Rf8 1/2-1/2

[Event "POL-chT3"]
[Site "Jastrzebia Gora POL"]
[Date "2016.09.10"]
[Round "8.23"]
[White "Gola, Karol"]
[Black "Pierzak, Rafael"]
[Result "1-0"]
[WhiteElo "2191"]
[BlackElo "2172"]
[EventDate "2016.09.02"]

1.e4 e6 2.d4 d5 3.exd5 exd5 4.Nf3 Bd6 5.c4 c6 6.Nc3 Ne7 7.Bd3 dxc4 8.Bxc4 
O-O 9.O-O Nd7 10.Re1 Nb6 11.Bb3 Bg4 12.h3 Bh5 13.g4 Bg6 14.Ne5 Kh8 15.Qf3 
Bxe5 16.dxe5 Nbd5 17.Bg5 Nxc3 18.bxc3 Qc7 19.h4 h6 20.Bf4 Nd5 21.Bg3 Qa5 
22.h5 Bh7 23.Rac1 Qc5 24.Bh4 Bg8 25.c4 Nb6 26.Qc3 Rfe8 27.Kg2 Re6 28.f4 
Rae8 29.Bf2 Qf8 30.f5 R6e7 31.Bc5 Nd7 32.Bd6 Kh7 33.Bc2 Kh8 34.c5 Rc8 35.
f6 gxf6 36.exf6 Rxe1 37.Bxf8 Re2+ 38.Kf3 Nxf8 39.Kxe2 Re8+ 40.Kf2 Ra8 1-0

[Event "POL-chT3"]
[Site "Jastrzebia Gora POL"]
[Date "2016.09.10"]
[Round "8.24"]
[White "Kubicka, Anna"]
[Black "Szydlowska-duda, Marta"]
[Result "1-0"]
[WhiteElo "2239"]
[BlackElo "2002"]
[EventDate "2016.09.02"]

1.d4 d5 2.c4 e6 3.Nc3 Nf6 4.cxd5 exd5 5.Bg5 Be7 6.e3 O-O 7.Bd3 Nc6 8.Nge2 
Nb4 9.Bb1 a5 10.a3 Na6 11.O-O c6 12.Bd3 Be6 13.f3 Nh5 14.Bxe7 Qxe7 15.Re1 
Qg5 16.Qd2 Rfe8 17.Rad1 f5 18.f4 Qh4 19.Rf1 Nf6 20.Qe1 Qxe1 21.Rfxe1 Bd7 
22.Ng3 g6 23.h3 Nc7 24.Na4 Ne6 25.Rc1 Re7 26.Kf2 Ne8 27.Nb6 Rd8 28.Nf1 Nd6
29.Nd2 Nc8 30.Na4 Be8 31.Nf3 b6 32.Ba6 Nd6 33.Nxb6 Ne4+ 34.Kg1 c5 35.dxc5 
N6xc5 36.Bf1 Rb7 37.b4 axb4 38.axb4 Ne6 39.Nc8 Rxb4 40.Ne7+ Kf8 41.Nc6 
Bxc6 42.Rxc6 Ke7 43.Ne5 Rb3 44.Ra1 Rb7 45.Ba6 Ra8 46.Rac1 Rba7 47.Bc8 Nd8 
48.Rc7+ Ke8 49.Bd7+ Kf8 50.Bb5 Nd6 51.Nd7+ Kg8 52.Nf6+ Kh8 53.Be2 Ne4 54.
Nxd5 Ne6 55.R7c6 Nd8 56.Rc8 Nd6 57.Rxa8 Rxa8 58.Rc7 Ne8 59.Rd7 Ne6 60.Re7 
N6g7 61.Bb5 Nd6 62.Bc6 Rc8 63.Bb7 Rb8 64.Ba6 Ra8 65.Be2 Rd8 66.Bf3 Nc4 67.
Rc7 Nd6 68.Kf2 Rb8 69.Nf6 Nde8 70.Nxe8 Rxe8 71.Ra7 Ne6 72.g4 Ng7 73.gxf5 
gxf5 74.Bc6 Rf8 75.Kg3 h6 76.Bd5 Kh7 77.Rf7 Re8 78.Kf3 Kg6 79.Rd7 Rf8 80.
e4 fxe4+ 81.Bxe4+ Kh5 82.Rxg7 1-0

[Event "POL-chT3"]
[Site "Jastrzebia Gora POL"]
[Date "2016.09.10"]
[Round "8.25"]
[White "Rudolf, Michal"]
[Black "Helis, Tadeusz"]
[Result "1-0"]
[WhiteElo "2339"]
[BlackElo "2241"]
[EventDate "2016.09.02"]

1.e4 c5 2.c3 d5 3.exd5 Qxd5 4.d4 Nc6 5.Nf3 Bg4 6.Be2 e6 7.h3 Bh5 8.c4 Qd6 
9.d5 Bxf3 10.Bxf3 Nd4 11.O-O e5 12.Be3 Nf6 13.Bxd4 exd4 14.Na3 a6 15.b4 
Be7 16.bxc5 Qxc5 17.Nc2 O-O 18.Qxd4 Rac8 19.Qxc5 Rxc5 20.Ne3 g6 21.Rab1 b5
22.cxb5 axb5 23.Rfc1 Rfc8 24.Rxc5 Rxc5 25.g3 Ne8 26.Rb2 Bg5 27.Rb3 Nd6 28.
h4 Bf6 29.Kg2 Bd4 30.Rd3 Bc3 31.Nd1 Bf6 32.Ra3 h5 33.Ra6 Be5 34.Rc6 Rc4 
35.Be2 Rxc6 36.dxc6 Bd4 37.Ne3 Bxe3 38.fxe3 Kf8 39.c7 Ke7 40.Bxb5 Nc8 41.
Ba6 Kd7 42.Bxc8+ Kxc8 43.Kf3 Kxc7 44.Ke4 Kd6 45.Kd4 f6 46.a4 Kc6 47.Kc4 g5
48.Kd4 Kd6 49.a5 Kc6 50.Ke4 1-0

[Event "POL-chT3"]
[Site "Jastrzebia Gora POL"]
[Date "2016.09.10"]
[Round "8.26"]
[White "Walkusz, Witoslaw"]
[Black "Warszawski, Bartosz"]
[Result "1/2-1/2"]
[WhiteElo "2140"]
[BlackElo "2223"]
[EventDate "2016.09.02"]

1.e4 c5 2.Nf3 e6 3.b3 Nf6 4.e5 Nd5 5.c4 Ne7 6.Bb2 Nbc6 7.g3 d5 8.exd6 Nf5 
9.Nc3 Bxd6 10.Bg2 O-O 11.O-O Be7 12.Ne4 b6 13.Ne5 Nxe5 14.Bxe5 Bb7 15.Qg4 
Kh8 16.Qh5 Qd7 17.g4 Nd4 18.Ng5 Bxg5 19.Bxg7+ Kxg7 20.Qxg5+ Kh8 21.Qf6+ 
Kg8 22.Qg5+ Kh8 23.Qf6+ Kg8 24.Qg5+ Kh8 25.Qf6+ 1/2-1/2

[Event "POL-chT3"]
[Site "Jastrzebia Gora POL"]
[Date "2016.09.10"]
[Round "8.27"]
[White "Chalupnik, Marcin"]
[Black "Rawski, Slawomir"]
[Result "1-0"]
[WhiteElo "2191"]
[BlackElo "2175"]
[EventDate "2016.09.02"]

1.e4 c5 2.Nf3 Nc6 3.d4 cxd4 4.Nxd4 d6 5.Nc3 Nf6 6.Bc4 Bd7 7.Bb3 Rc8 8.Be3 
Ng4 9.Nxc6 bxc6 10.Bf4 e5 11.Bg3 Be7 12.O-O O-O 13.Qd3 Qc7 14.Rad1 Rcd8 
15.h3 Nh6 16.f4 Kh8 17.f5 Bc8 18.Qe2 Ng8 19.Bf2 g6 20.g4 Kg7 21.Be3 g5 22.
h4 f6 23.Kg2 Qa5 24.Rh1 Bb7 25.Qf3 d5 26.hxg5 fxg5 27.Qh3 h6 28.Qh5 Rd6 
29.exd5 cxd5 30.Bxd5 Qa6 31.Kg3 Bxd5 32.Rxd5 Rxd5 33.Nxd5 Bd8 34.Rd1 Qc6 
35.Nc3 Ne7 36.Qh1 Qa6 37.Qe4 Ng8 38.Rd7+ Rf7 39.Rxd8 Nf6 40.Qxe5 Qc4 41.
Bd4 Qf1 42.Nd5 h5 43.Nxf6 h4+ 44.Kh2 1-0

[Event "POL-chT3"]
[Site "Jastrzebia Gora POL"]
[Date "2016.09.10"]
[Round "8.28"]
[White "Cichon, Michal"]
[Black "Rams, Michal"]
[Result "0-1"]
[WhiteElo "2021"]
[BlackElo "2199"]
[EventDate "2016.09.02"]

1.e4 g6 2.d4 Bg7 3.Nc3 d6 4.Nf3 a6 5.a4 b6 6.Bc4 e6 7.O-O Ne7 8.Be3 h6 9.
Qd2 Nd7 10.Rad1 Bb7 11.Rfe1 Kf8 12.h3 Kg8 13.Nh2 Nf6 14.f3 d5 15.Bd3 c5 
16.e5 Nd7 17.Qf2 Nc6 18.f4 cxd4 19.Bxd4 Nxd4 20.Qxd4 Bf8 21.b4 a5 22.Bb5 
Bxb4 23.Ne4 dxe4 24.Qxd7 Qxd7 25.Rxd7 Bxe1 26.Rxb7 Bg3 27.Ng4 Bxf4 28.Rxb6
h5 29.Nf6+ Kg7 30.Rc6 Bxe5 31.Nxe4 Rhc8 32.Rxc8 Rxc8 33.c4 f5 34.Nd2 Bc3 
35.Nb3 e5 36.Kf1 Kf6 37.Ke2 Bb4 38.Nc1 e4 39.Nb3 Ke5 40.Ba6 Rc7 41.Bb5 g5 
42.Ke3 f4+ 43.Ke2 g4 44.hxg4 hxg4 45.Kf2 g3+ 46.Ke2 f3+ 47.gxf3 g2 48.f4+ 
Kxf4 49.Kf2 Rg7 0-1

[Event "POL-chT3"]
[Site "Jastrzebia Gora POL"]
[Date "2016.09.10"]
[Round "8.29"]
[White "Kaim, Piotr"]
[Black "Drzazga, Rafal"]
[Result "1-0"]
[WhiteElo "2158"]
[BlackElo "2068"]
[EventDate "2016.09.02"]

1.e4 e5 2.Nf3 Nc6 3.Bb5 a6 4.Ba4 Nf6 5.O-O b5 6.Bb3 Bb7 7.d3 Be7 8.Re1 O-O
9.Nbd2 d6 10.a4 h6 11.Nf1 Re8 12.Ne3 Bf8 13.Bd2 Qd7 14.h3 Kh7 15.c3 Nd8 
16.c4 Ne6 17.cxb5 axb5 18.a5 Nf4 19.Bc3 c5 20.Rf1 Qc7 21.g3 Ne6 22.Bd2 b4 
23.Nc4 Nd7 24.Ba4 Bc6 25.Be3 Ra6 26.Nh4 Rb8 27.Bxc6 Qxc6 28.Qf3 Kg8 29.b3 
Nd8 30.Nf5 Nb7 31.g4 Rba8 32.g5 hxg5 33.Bxg5 Nxa5 34.Nxa5 Rxa5 35.Rxa5 
Rxa5 36.Qg4 d5 37.Nh6+ gxh6 38.Bd8+ Kh8 39.Bxa5 Nf6 40.Qf5 1-0

[Event "POL-chT3"]
[Site "Jastrzebia Gora POL"]
[Date "2016.09.10"]
[Round "8.30"]
[White "Mikulewicz, Joanna"]
[Black "Bednarska-bzdega, Malgorzata"]
[Result "0-1"]
[WhiteElo "2075"]
[BlackElo "2010"]
[EventDate "2016.09.02"]

1.e4 c5 2.Nf3 d6 3.d4 cxd4 4.Nxd4 Nf6 5.Nc3 g6 6.Be3 Bg7 7.f3 O-O 8.Qd2 
Nc6 9.Bc4 a5 10.O-O-O a4 11.a3 Qa5 12.Ncb5 Bd7 13.Qxa5 Nxa5 14.Bd3 Rfc8 
15.Nc3 Nc4 16.Bxc4 Rxc4 17.g4 e6 18.Nde2 Ne8 19.Bd4 Rac8 20.Bxg7 Kxg7 21.
Rd4 Kf8 22.h4 h6 23.Rxc4 Rxc4 24.b3 axb3 25.cxb3 Rc8 26.Kb2 Ke7 27.f4 Nc7 
28.h5 Rg8 29.hxg6 Rxg6 30.Rh4 f5 31.gxf5 exf5 32.Rh2 fxe4 33.Nxe4 Nd5 34.
N4c3 Nxc3 35.Kxc3 Bg4 36.Nd4 h5 37.Kd3 Rg8 38.Ke4 Rc8 39.b4 Rc3 40.Nb5 
Rc4+ 41.Ke3 d5 42.f5 Re4+ 43.Kd3 Rf4 44.Nc3 Rxf5 45.a4 Kd6 46.a5 Rf3+ 47.
Kd2 Rf4 48.b5 Rb4 49.Rh1 d4 50.Ne4+ Kd5 51.Nf6+ Kc4 52.a6 bxa6 53.bxa6 
Rb2+ 54.Kc1 Ra2 55.Kb1 Rxa6 56.Nxh5 Bf5+ 57.Kb2 Rb6+ 58.Ka2 Kc3 59.Rc1+ 
Bc2 0-1

[Event "POL-chT3"]
[Site "Jastrzebia Gora POL"]
[Date "2016.09.10"]
[Round "8.31"]
[White "Sadowski, Miroslaw"]
[Black "Winiarski, Mikolaj"]
[Result "1/2-1/2"]
[WhiteElo "2100"]
[BlackElo "2300"]
[EventDate "2016.09.02"]

1.d4 Nf6 2.Nf3 e6 3.Bf4 c5 4.c3 d5 5.e3 Bd7 6.Nbd2 Bc6 7.Ne5 Nbd7 8.Nxc6 
bxc6 9.Bd3 cxd4 10.exd4 c5 11.dxc5 Bxc5 12.O-O O-O 13.Nf3 Qb6 14.Qe2 Rfe8 
15.Ne5 Nxe5 16.Bxe5 Nd7 17.b4 Nxe5 18.Qxe5 Bd6 19.Qe3 Qc7 20.g3 g6 21.Rac1
Qe7 22.Rfd1 Red8 23.Bf1 a5 24.a3 Qf6 25.Qe2 axb4 26.axb4 Ra3 27.Rd3 Rc8 
28.Qb2 Rca8 29.Qe2 Rc8 30.Qb2 Ra7 31.Re3 Rac7 32.Ba6 Rb8 33.Qd2 d4 34.cxd4
Bxb4 35.Qd1 Rxc1 36.Qxc1 Qxd4 37.Qc4 Qa1+ 38.Kg2 Bf8 39.Bb5 Qa7 40.Bc6 Qc7
41.Qc2 Bg7 42.Be4 Qe7 43.Rb3 Rxb3 44.Qxb3 Bd4 45.Qc4 Qf6 46.Qe2 Kg7 47.Bc2
Qe7 48.Bd3 f5 49.f4 Kf6 50.Bc4 Qd6 51.h4 h6 52.Ba2 Qc6+ 53.Kh2 e5 54.fxe5+
Bxe5 55.Qc4 Qd7 56.Qd5 Qe7 57.Kg2 f4 58.gxf4 Bxf4 59.Qd4+ Be5 60.Qd5 h5 
61.Bc4 Kg7 62.Bb5 Qf6 63.Qe4 Bd6 64.Bd3 Be7 65.Qxg6+ 1/2-1/2

[Event "POL-chT3"]
[Site "Jastrzebia Gora POL"]
[Date "2016.09.10"]
[Round "8.32"]
[White "Rozycki, Bartlomiej"]
[Black "Pazderski, Ziemowit"]
[Result "1-0"]
[WhiteElo "2140"]
[BlackElo "2263"]
[EventDate "2016.09.02"]

1.e4 d5 2.exd5 Qxd5 3.Nc3 Qd6 4.d4 Nf6 5.Nf3 a6 6.g3 Bg4 7.h3 Bh5 8.Bg2 
Nc6 9.O-O e6 10.Bf4 Qb4 11.a3 Qc4 12.g4 Bg6 13.Qd2 Nd5 14.Nxd5 exd5 15.
Rfe1+ Be7 16.Ne5 Nxe5 17.Rxe5 Be4 18.Bxe4 dxe4 19.Re1 Kd7 20.R1xe4 Bd6 21.
b3 Qc6 22.d5 Qc5 23.Rf5 f6 24.Be3 Qxa3 25.Ra4 Qb2 26.Bd4 Qb1+ 27.Kg2 Be5 
28.Bxe5 fxe5 29.Rf7+ Ke8 30.Rxc7 1-0

[Event "POL-chT3"]
[Site "Jastrzebia Gora POL"]
[Date "2016.09.10"]
[Round "8.33"]
[White "Maciaga, Marcin"]
[Black "Praczukowski, Stanislaw"]
[Result "0-1"]
[WhiteElo "2120"]
[BlackElo "2100"]
[EventDate "2016.09.02"]

1.g3 e5 2.c4 Nc6 3.Bg2 g6 4.Nc3 Bg7 5.d3 d6 6.Nf3 f5 7.O-O Nf6 8.Bd2 O-O 
9.Nd5 f4 10.Bc3 Nxd5 11.cxd5 Ne7 12.Qb3 Nf5 13.Rac1 g5 14.Ba5 b6 15.Bc3 
Kh8 16.a4 g4 17.Nd2 Bh6 18.Qc4 f3 19.exf3 Bxd2 20.Bxd2 gxf3 21.Bxf3 Nd4 
22.Bd1 Bh3 23.Qxc7 Qf6 24.f4 Bxf1 25.Kxf1 Qf5 26.Rc3 exf4 27.Bxf4 Qh3+ 28.
Ke1 Rxf4 29.Kd2 Rf1 30.Rc4 Qh6+ 31.Kc3 Rxd1 0-1

[Event "POL-chT3"]
[Site "Jastrzebia Gora POL"]
[Date "2016.09.10"]
[Round "8.34"]
[White "Chylewski, Patryk"]
[Black "Kowalec, Maciej"]
[Result "1-0"]
[WhiteElo "2005"]
[BlackElo "2100"]
[EventDate "2016.09.02"]

1.e4 g6 2.d4 Bg7 3.Nc3 d6 4.h3 a6 5.a4 b6 6.Be3 Bb7 7.g4 Nd7 8.Bg2 e5 9.
Nge2 Ne7 10.O-O Nc6 11.f4 exd4 12.Nxd4 Nxd4 13.Bxd4 O-O 14.Bxg7 Kxg7 15.
Qd4+ Kg8 16.Rad1 Nc5 17.e5 Ne6 18.Qe3 Bxg2 19.Kxg2 Qd7 20.f5 Qc6+ 21.Nd5 
gxf5 22.gxf5 Kh8 23.Kh2 Ng7 24.Nf6 Nxf5 25.Qd3 Rg8 26.Rg1 Rg6 27.Qxf5 dxe5
28.Nd7 e4 29.Rxg6 hxg6 30.Qf6+ Qxf6 31.Nxf6 e3 32.Kg3 e2 33.Re1 Kg7 34.Nd5
Rd8 35.Nc3 Rd4 36.Rxe2 c6 37.b3 b5 38.axb5 axb5 39.Ne4 Rd1 40.Re3 b4 41.
Rd3 Rc1 42.Rd2 Rg1+ 43.Kf4 Rh1 44.Nf2 Rf1 45.Ke3 1-0

[Event "POL-chT3"]
[Site "Jastrzebia Gora POL"]
[Date "2016.09.10"]
[Round "8.35"]
[White "Krasiewicz, Robert"]
[Black "Kokoszczynski, Jan"]
[Result "0-1"]
[WhiteElo "2097"]
[BlackElo "1962"]
[EventDate "2016.09.02"]

1.c4 e5 2.g3 Nf6 3.Bg2 Nc6 4.Nc3 Bc5 5.e3 d5 6.a3 d4 7.Nd5 dxe3 8.dxe3 a5 
9.Ne2 O-O 10.Nec3 Nxd5 11.cxd5 Ne7 12.O-O Bd7 13.b3 Nf5 14.Qd2 Nd6 15.Bb2 
b5 16.Ne2 Re8 17.Rac1 Bb6 18.h3 a4 19.b4 Rc8 20.Rc3 Nc4 21.Qc2 c5 22.dxc6 
Bxc6 23.Rd1 Qe7 24.Rxc4 bxc4 25.Bxc6 Rxc6 26.Qxa4 Rec8 27.Qb5 Rd6 28.Rxd6 
Qxd6 29.Qxe5 Qxe5 30.Bxe5 f6 31.Bb2 Kf7 32.Kf1 Ke6 33.Ke1 Kd5 34.Nc3+ Kc6 
35.a4 Rb8 36.Ba3 Bc7 37.Kd2 Be5 38.Ne4 Rd8+ 39.Kc2 Rd3 40.b5+ Kd5 41.Bb4 
Kxe4 42.a5 Rb3 0-1

[Event "POL-chT3"]
[Site "Jastrzebia Gora POL"]
[Date "2016.09.10"]
[Round "8.36"]
[White "Olechnicka, Karolina"]
[Black "Gluszko, Monika"]
[Result "1-0"]
[WhiteElo "1887"]
[BlackElo "1923"]
[EventDate "2016.09.02"]

1.e4 c6 2.d4 d6 3.Nf3 Nf6 4.Bd3 g6 5.Bf4 Bg7 6.Qd2 Bg4 7.c3 O-O 8.Na3 Re8 
9.O-O-O b5 10.Bh6 Bh8 11.h3 Bxf3 12.gxf3 Nbd7 13.f4 b4 14.cxb4 Qb6 15.f5 
c5 16.bxc5 dxc5 17.e5 Nd5 18.e6 Nf8 19.exf7+ Kxf7 20.Bc4 Rad8 21.dxc5 Qxc5
22.Be3 Qc8 23.Qc2 e6 24.fxe6+ Qxe6 25.Qb3 Rc8 26.Nc2 Rxc4 27.Qxc4 Rb8 28.
Rxd5 Bxb2+ 29.Kd2 Rc8 30.Qb3 Rb8 31.Qd3 Qc6 32.Rd1 Bc3+ 33.Ke2 Rb2 34.Rc5 
1-0

[Event "POL-chT3"]
[Site "Jastrzebia Gora POL"]
[Date "2016.09.10"]
[Round "8.38"]
[White "Smagalski, Slawomir"]
[Black "Marszalek, Maciej"]
[Result "0-1"]
[WhiteElo "1943"]
[BlackElo "2318"]
[EventDate "2016.09.02"]

1.Nf3 Nf6 2.c4 g6 3.g3 Bg7 4.Bg2 O-O 5.Nc3 c6 6.O-O d6 7.d4 Qa5 8.Bd2 Qh5 
9.Re1 e5 10.dxe5 dxe5 11.h4 Na6 12.Qc1 Nc5 13.Nh2 Qf5 14.b4 Ncd7 15.e4 Qe6
16.Bf1 Rd8 17.Nf3 Nf8 18.Bh6 Bxh6 19.Qxh6 Ng4 20.Qc1 Qe7 21.a3 Ne6 22.Qb2 
Qf6 23.Bg2 Rd3 24.Nd1 Rxf3 25.Bxf3 Qxf3 26.Rc1 Nd4 27.Rc3 Qf6 28.Kg2 Qe7 
29.f3 Nf6 30.Ne3 Be6 31.Nc2 Rd8 32.Rd1 Ne2 33.Rcd3 Rxd3 34.Rxd3 Bxc4 35.
Rd2 b5 36.Kf2 Nxg3 37.Kxg3 Nh5+ 38.Kg2 Nf4+ 39.Kg1 Nh3+ 40.Kg2 Nf4+ 41.Kg1
Qxh4 42.Qxe5 Qg3+ 43.Kh1 Qxf3+ 44.Kg1 Ne2+ 45.Rxe2 Bxe2 46.Nd4 Qf1+ 47.Kh2
Qf2+ 48.Kh1 Bf3+ 49.Nxf3 Qxf3+ 50.Kg1 Qg4+ 51.Kf2 Qd7 52.Ke3 h6 53.Qb8+ 
Kh7 54.Qf8 h5 55.Ke2 Qe6 56.Kd1 Qf6 57.Ke2 h4 58.Ke1 h3 59.Qb8 Qh4+ 60.Kd2
h2 0-1

[Event "POL-chT3"]
[Site "Jastrzebia Gora POL"]
[Date "2016.09.10"]
[Round "8.39"]
[White "Kuciel, Wladyslaw"]
[Black "Meczynski, Waldemar"]
[Result "1/2-1/2"]
[WhiteElo "1928"]
[BlackElo "2032"]
[EventDate "2016.09.02"]

1.d4 Nf6 2.c4 e6 3.Nf3 Bb4+ 4.Nbd2 c5 5.a3 Bxd2+ 6.Qxd2 d6 7.dxc5 dxc5 8.
Qxd8+ Kxd8 9.Bf4 Ke7 10.Rd1 Rd8 11.Rxd8 Kxd8 12.Ne5 Ke7 13.g3 Nbd7 14.Bg2 
h6 15.Nd3 a5 16.Be3 Kd6 17.O-O Ng4 18.Nxc5 Nxe3 19.Ne4+ Ke7 20.fxe3 Ne5 
21.c5 Bd7 22.Nd6 Bc6 23.Bxc6 bxc6 24.Rd1 Rb8 25.Rd2 Rb3 26.e4 g5 27.Kg2 h5
28.Rc2 h4 29.gxh4 gxh4 30.Nc4 Nxc4 31.Rxc4 Rxb2 32.Ra4 Rxe2+ 33.Kh3 Kf6 
34.Kxh4 Rxh2+ 35.Kg3 Rc2 36.Rxa5 Ke5 37.Ra7 Kxe4 38.Rxf7 Rxc5 39.Rf4+ Kd5 
40.Ra4 e5 41.Kf3 Rc3+ 42.Ke2 c5 43.Kd2 Rh3 44.Ra8 Kc4 45.a4 Kb3 46.a5 Rh2+
47.Kc1 Kc3 48.Kd1 Rd2+ 49.Ke1 Ra2 50.a6 c4 51.a7 e4 52.Kd1 Rd2+ 53.Ke1 Ra2
54.Kd1 e3 55.Ke1 Kc2 56.Ke2 c3 57.Kxe3 Ra6 58.Ke2 Re6+ 59.Kf3 Ra6 60.Ke2 
Re6+ 61.Kf3 Ra6 62.Ke2 Re6+ 63.Kf3 Re7 64.Kf2 Rd7 65.Ke2 Re7+ 66.Kf3 Rd7 
67.Ke2 Rc7 68.Ke3 Kc1 69.Ke4 c2 70.Ke5 Rh7 71.Ke6 Rg7 72.Kf6 Rh7 73.Ke6 
Rb7 74.Ke5 Rh7 75.Ke6 Rh6+ 76.Kd5 Rh7 77.Ke6 Rh6+ 78.Kd5 Ra6 79.Ke5 Ra4 
80.Ke6 Ra5 81.Kf6 Ra6+ 82.Ke5 Ra5+ 83.Ke6 Ra3 84.Ke5 Re3+ 85.Kf6 Rf3+ 86.
Ke6 Re3+ 87.Kf6 Ra3 88.Ke5 Ra4 89.Ke6 Ra5 90.Kf6 Ra3 91.Ke5 Ra5+ 92.Ke6 
Ra6+ 93.Ke5 Ra5+ 94.Ke6 Ra3 95.Ke5 Ra1 96.Ke4 Ra5 97.Kf4 Kb2 98.Rb8+ Kc3 
99.Rc8+ Kd3 100.Rd8+ Kc3 101.Rc8+ Kd3 102.Rd8+ Kc3 103.Rc8+ Kd3 104.Rd8+ 
Kc3 105.Ke4 1/2-1/2

[Event "POL-chT3"]
[Site "Jastrzebia Gora POL"]
[Date "2016.09.10"]
[Round "8.40"]
[White "Walaszczyk, Witold"]
[Black "Popiol, Michal"]
[Result "1-0"]
[WhiteElo "2088"]
[BlackElo "1959"]
[EventDate "2016.09.02"]

1.d4 Nf6 2.Nf3 g6 3.c4 Bg7 4.g3 O-O 5.Bg2 Nc6 6.O-O d6 7.Nc3 Rb8 8.h3 a6 
9.e4 b5 10.cxb5 axb5 11.e5 dxe5 12.dxe5 Nd7 13.e6 fxe6 14.Ng5 Nd4 15.Be3 
Nb6 16.Bxd4 Qxd4 17.Qxd4 Bxd4 18.Nxb5 Bxb2 19.Rab1 Nc4 20.a4 h6 21.Ne4 Bb7
22.Rbd1 Nd6 23.Nc5 Bxg2 24.Kxg2 Nxb5 25.axb5 Rxb5 26.Nxe6 Rc8 27.Rd7 c5 
28.Rxe7 c4 29.Rd7 Bf6 30.Rc1 Rb2 31.Nc7 c3 32.Nd5 Rf8 33.Kf1 Bd4 34.f4 Rd2
35.Ne7+ Kh8 36.Nxg6+ Kg8 37.Nxf8 Kxf8 38.Ra1 Ke8 39.Rh7 Bf6 40.Ra8+ Bd8 
41.Rh8+ Ke7 42.Raxd8 c2 43.Rc8 Rd1+ 44.Kf2 c1=Q 45.Rxc1 Rxc1 46.Rxh6 Ke8 
1-0

[Event "POL-chT3"]
[Site "Jastrzebia Gora POL"]
[Date "2016.09.10"]
[Round "8.41"]
[White "Szewczyk, Grzegorz"]
[Black "Swiatnicki, Andrzej"]
[Result "1/2-1/2"]
[WhiteElo "1953"]
[BlackElo "2058"]
[EventDate "2016.09.02"]

1.d4 d5 2.Nf3 Nf6 3.c4 c6 4.Nc3 Qb6 5.Qc2 Bg4 6.e3 e6 7.Be2 Nbd7 8.O-O Be7
9.b3 O-O 10.Bb2 Rfe8 11.Rad1 Rad8 12.Rfe1 Bh5 13.h3 Bg6 14.Qc1 Ne4 15.Nxe4
Bxe4 16.Nd2 Bg6 17.Nf3 Bf6 18.Bc3 Qc7 19.Qb2 h6 20.Bf1 b6 21.a4 Be4 22.Be2
g5 23.Bd3 Bxd3 24.Rxd3 Bg7 25.Rdd1 Nf6 26.Qe2 Ne4 27.Ba1 Qe7 28.cxd5 cxd5 
29.Nd2 Nd6 30.Rc1 Rc8 31.Qd3 Rc7 32.Rc3 Rec8 33.Rec1 Qd7 34.Bb2 Rxc3 35.
Rxc3 Rxc3 36.Qxc3 Qc8 37.Qxc8+ Nxc8 38.Ba3 Bf8 39.Bxf8 Kxf8 40.Kf1 Nd6 41.
Ke2 Ke7 42.g4 a5 43.Kd3 f6 44.f3 Kd7 45.e4 Nb7 46.Ke3 Nd6 47.Kd3 Nb7 48.
Ke3 Nd6 49.Kd3 Nb7 50.Ke3 1/2-1/2

[Event "POL-chT3"]
[Site "Jastrzebia Gora POL"]
[Date "2016.09.10"]
[Round "8.42"]
[White "Bukowska, Katarzyna"]
[Black "Furtak, Joanna"]
[Result "1-0"]
[WhiteElo "1887"]
[BlackElo "1578"]
[EventDate "2016.09.02"]

1.e4 e5 2.Nf3 Nc6 3.Bb5 a6 4.Ba4 Nf6 5.d3 b5 6.Bb3 Be7 7.c3 d6 8.Nbd2 Na5 
9.Bc2 c5 10.O-O O-O 11.h3 Re8 12.Re1 Bf8 13.Nf1 h6 14.d4 Qc7 15.d5 Bd7 16.
Ne3 Rac8 17.Nh4 Nb7 18.Nef5 Bxf5 19.Nxf5 c4 20.Qf3 Nc5 21.Nxh6+ Kh7 22.Nf5
g6 23.Bg5 Ncd7 24.Ne3 Bg7 25.Ng4 Nxg4 26.Qxg4 Kg8 27.Qf3 Rb8 28.h4 Nf8 29.
h5 Nh7 30.Bd2 g5 31.Qf5 Qc8 32.Qxc8 Rbxc8 33.g4 f6 34.a4 Rb8 35.axb5 axb5 
36.Ra6 Red8 37.Rea1 Bf8 38.Ra7 Bg7 39.R1a5 Bf8 40.Rc7 Bh6 41.Raa7 Nf8 42.
Rcb7 Ra8 43.Rxa8 Rxa8 44.Rxb5 Ra2 45.Rb7 Nh7 46.Be3 Bf8 47.Kg2 Ra1 48.Ba7 
Re1 49.Kf3 Ra1 50.Bb8 1-0

[Event "POL-chT3"]
[Site "Jastrzebia Gora POL"]
[Date "2016.09.10"]
[Round "8.43"]
[White "Bartel, Michal"]
[Black "Paprocki, Jaroslaw"]
[Result "1-0"]
[WhiteElo "2375"]
[BlackElo "2195"]
[EventDate "2016.09.02"]

1.e4 e5 2.Nf3 Nc6 3.Bb5 Nf6 4.d3 Bc5 5.Nbd2 d6 6.Bxc6+ bxc6 7.h3 O-O 8.O-O
Be6 9.Re1 Nd7 10.Nb3 Bb6 11.d4 f6 12.Qd3 d5 13.Qc3 c5 14.Nxc5 Bxc5 15.dxc5
d4 16.Qa5 c6 17.Bd2 Qxa5 18.Bxa5 Rfb8 19.b4 Nb6 20.Nd2 Na4 21.a3 Rb7 22.f4
Re8 23.Rf1 Nc3 24.Kh2 h6 25.f5 Bf7 26.a4 Na2 27.Rfb1 Nc3 28.Rg1 Rc8 29.g4 
Na2 30.Rgb1 Nc3 31.h4 Kf8 32.Kg2 Ke7 33.Kf3 Kd7 34.Rg1 Rh8 35.b5 Rhb8 36.
b6 Ra8 37.Bxc3 dxc3 38.Nb1 axb6 39.cxb6 Rxb6 40.Nxc3 Rb2 41.Rg2 Ra5 42.Ke3
Ke7 43.Kd3 Rb4 44.Kd2 Rc5 45.Rg3 Rd4+ 46.Kc1 Ra5 47.Rb1 Ra7 48.Rb6 Rc4 49.
Rd3 Be8 50.Kb2 Rd4 51.Kb3 Bf7+ 52.Ka3 Kd7 53.Rb4 c5 54.Rb1 Bc4 55.Rdd1 Kc6
56.Kb2 Rad7 57.Rg1 Rb7+ 58.Kc1 Rb4 59.g5 hxg5 60.hxg5 Kb6 61.gxf6 gxf6 62.
Rg6 Rd6 63.Rxb4+ cxb4 64.Nd1 Kc5 65.Nf2 Be2 66.Rg3 Ra6 67.Kd2 Bc4 68.Rg6 
Kd4 69.Rg7 Rxa4 70.Rd7+ Kc5 71.Ng4 Ra6 72.Rd8 Ra2 73.Kc1 b3 74.cxb3 Bxb3 
75.Nxf6 Rc2+ 76.Kd1 Rh2+ 77.Ke1 Bc4 78.Rd7 Re2+ 79.Kd1 Re3 80.Rd8 Rd3+ 81.
Rxd3 Bxd3 82.Ke1 Kd4 83.Kf2 Bc2 84.Kf3 Bd1+ 85.Kg3 Be2 86.Kh4 Bf3 87.Kg5 
Be2 88.Ne8 Bc4 89.f6 Be6 90.Nd6 Ke3 91.Kg6 1-0

[Event "POL-chT3"]
[Site "Jastrzebia Gora POL"]
[Date "2016.09.10"]
[Round "8.49"]
[White "Chojnacki, Slawomir"]
[Black "Kumala, Aleksander"]
[Result "1-0"]
[WhiteElo "2255"]
[BlackElo "2211"]
[EventDate "2016.09.02"]

1.d4 e6 2.Nf3 d5 3.Bg5 f6 4.Bf4 c6 5.c3 f5 6.Ne5 Nf6 7.e3 Bd6 8.Nd2 O-O 9.
Bd3 Qe7 10.Qe2 Bd7 11.h3 a5 12.g4 Ne4 13.O-O-O a4 14.f3 a3 15.fxe4 axb2+ 
16.Kb1 Bxe5 17.Bxe5 b5 18.gxf5 Qa3 19.Kc2 b4 20.Nb1 Qxa2 21.Rhg1 Rf7 22.
Bxg7 Ra3 23.Qg2 Rxc3+ 24.Kd2 Rxd3+ 25.Kxd3 dxe4+ 26.Kd2 Qc4 27.Bf6+ 1-0

[Event "POL-chT3"]
[Site "Jastrzebia Gora POL"]
[Date "2016.09.10"]
[Round "8.50"]
[White "Kasperek, Ryszard"]
[Black "Maciol, Ryszard"]
[Result "0-1"]
[WhiteElo "2160"]
[BlackElo "2130"]
[EventDate "2016.09.02"]

1.e4 e6 2.d4 d5 3.Nc3 Bb4 4.e5 b6 5.a3 Bf8 6.b4 Nc6 7.h4 Qd7 8.h5 Bb7 9.
Nf3 O-O-O 10.Bb5 f6 11.Qe2 Kb8 12.Bf4 Qc8 13.O-O Nge7 14.exf6 gxf6 15.Bd3 
e5 16.dxe5 Qg4 17.Bg3 f5 18.b5 Na5 19.Nd2 Qd4 20.Na2 Rg8 21.c3 Qc5 22.Kh2 
d4 23.Nf3 dxc3 24.Rac1 f4 25.Bxf4 Nd5 26.Bg3 Bh6 27.Be4 Nf4 28.Qc2 Nxh5 
29.Bxb7 Nxg3 30.fxg3 Nxb7 31.Nb4 Qxb5 32.Qe4 Bxc1 33.Rxc1 Rg6 34.e6 Rh6+ 
35.Nh4 Re8 36.Nc6+ Ka8 37.Nd4 Qc5 38.Qf4 Rhxe6 39.Nxe6 Rxe6 40.Qf7 Nd8 41.
Qf3+ Rc6 42.Nf5 Kb8 43.Rd1 Nf7 44.Rd5 Qc4 45.Ne3 Rh6+ 46.Kg1 c2 47.Nxc4 
c1=Q+ 48.Kf2 Qxc4 49.Qxf7 Qa2+ 50.Ke3 Qxa3+ 51.Rd3 Qc1+ 52.Ke2 Qb2+ 53.Ke3
Qe5+ 54.Kd2 Rf6 55.Qg8+ Kb7 56.Qd5+ Qxd5 57.Rxd5 Rf2+ 58.Ke3 Rxg2 59.Kf3 
Rh2 60.g4 a5 61.Kg3 Rh6 0-1